Giornate di studi romanzi Bratislava 2008 : sezione di Talianistica : ATTI

Bibliographic Details
Other Authors: Štubňa, Pavol, 1974- (Editor)
Format: Book
Language:Italian
PhysicalDescription:132 s. 21 cm
Published: Bratislava AnaPress 2009
ISBN:9788089137541
Edition:[1. vyd.]
Series:Studia romanica Bratislavensia
Subjects:

MARC

LEADER 00000nam a2200000 a 4500
001 vtls010066205
003 SK-MaSNL
005 20260302093009.0
008 251029s2009 xo f 000 0 ita
015 |a SNBA2010/03-01546 
020 |a 9788089137541  |q (brož.) 
035 |a 90A046ED-4864-4938-BA2E-EF4D61521A17 
035 |a urn:nbn:sk:snk-amjfnz 
035 |a urn:nbn:sk:snk-am001r8a 
040 |a SNK  |b slo  |c SNK  |e AACR2 
041 0 |a ita  |b ita 
044 |a xo  |c SK 
072 7 |a 80  |x Filológia  |2 konspekt 
080 |a 80(=131.1)+908(450)  |2 2001 
080 |a 81'1  |2 2001 
080 |a (062.534)  |2 2001 
245 0 0 |a Giornate di studi romanzi  |b Bratislava 2008 : sezione di Talianistica : ATTI  |c Pavol Štubňa 
246 1 1 |a Dni románskych štúdií 
250 |a [1. vyd.] 
260 |a Bratislava  |b AnaPress  |c 2009 
300 |a 132 s.  |c 21 cm 
490 1 |a Studia romanica Bratislavensia  |v 9 
504 |a Bibliogr. odkazy 
546 |a Res. tal. 
650 0 7 |a talianistika  |2 SNKPH  |9 93657 
650 0 7 |a lingvistika  |2 SNKPH  |9 860 
655 7 |a zborníky konferencií  |2 SNKPH  |9 70153 
700 1 |a Štubňa, Pavol,  |d 1974-  |4 edt  |9 89778 
830 0 |a Studia romanica Bratislavensia  |9 354785 
919 |a 978-80-89137-54-1 
958 |a OND 
968 |a NB 
968 |d 80 
999 |c 1207021  |d 1208951 
952 |a SNK  |b SNK  |y VYP  |7 0  |p 17A0645993  |o snkSC 139051 D1  |i snk2010/3345  |8 0  |0 0  |1 0  |4 0  |d 2010-02-18  |l 0  |r 2026-02-24 23:01:16  |w 2026-02-24 
952 |a SNK  |b SNK  |y PREZ  |7 0  |p 17A0645999  |o snkSC 139051  |i snk2010/3344  |8 0  |0 0  |1 0  |4 0  |d 2010-02-18  |f 1  |l 0  |r 2017-06-30 00:00:00  |w 2026-02-24